<?xml version="1.0" encoding="UTF-8"?>
<collection xmlns="http://www.loc.gov/MARC21/slim">
 <record>
  <leader>01194nam a22002177a 4500</leader>
  <controlfield tag="001">NCT_4_026589</controlfield>
  <controlfield tag="008">251007b        xxu||||| |||| 00| 0 vie d</controlfield>
  <datafield tag="999" ind1=" " ind2=" ">
   <subfield code="c">9316</subfield>
   <subfield code="d">9316</subfield>
  </datafield>
  <datafield tag="020" ind1=" " ind2=" ">
   <subfield code="a">9781350022560</subfield>
   <subfield code="c">1301000</subfield>
  </datafield>
  <datafield tag="082" ind1="0" ind2="4">
   <subfield code="2">23rd ed.</subfield>
   <subfield code="a">320.952</subfield>
   <subfield code="b">T136</subfield>
  </datafield>
  <datafield tag="100" ind1="1" ind2=" ">
   <subfield code="a">Mikuriya, Takashi</subfield>
  </datafield>
  <datafield tag="245" ind1="1" ind2="0">
   <subfield code="a">Politics and power in 20th-century Japan :</subfield>
   <subfield code="b">The reminiscences of Miyazawa Kiichi</subfield>
   <subfield code="c">Mikuriya Takashi and Nakamura Takafusa ; translated and edited by Timothy S. George</subfield>
  </datafield>
  <datafield tag="260" ind1=" " ind2=" ">
   <subfield code="a">London</subfield>
   <subfield code="b">Bloomsbury Academic</subfield>
   <subfield code="c">2015</subfield>
  </datafield>
  <datafield tag="300" ind1=" " ind2=" ">
   <subfield code="a">xv, 256 p.</subfield>
   <subfield code="c">24 cm</subfield>
  </datafield>
  <datafield tag="520" ind1="3" ind2=" ">
   <subfield code="a">This is the story, told from the source, of a man who had a profound influence in shaping Japan's postwar economic policy, who was a lifelong moderate and advocate for an internationalist approach, and who was both first-hand witness and pivotal actor in so many of the events that have forged contemporary Japan.</subfield>
  </datafield>
  <datafield tag="653" ind1=" " ind2=" ">
   <subfield code="a">Tham khảo</subfield>
  </datafield>
  <datafield tag="700" ind1="1" ind2=" ">
   <subfield code="a">Nakamura, Takafusa</subfield>
  </datafield>
  <datafield tag="700" ind1="1" ind2=" ">
   <subfield code="a">George, Timothy S.</subfield>
   <subfield code="e">translator</subfield>
  </datafield>
  <datafield tag="942" ind1=" " ind2=" ">
   <subfield code="2">ddc</subfield>
   <subfield code="c">BK</subfield>
  </datafield>
  <datafield tag="952" ind1=" " ind2=" ">
   <subfield code="0">0</subfield>
   <subfield code="1">0</subfield>
   <subfield code="2">ddc</subfield>
   <subfield code="4">0</subfield>
   <subfield code="6">320_952000000000000_T136</subfield>
   <subfield code="7">0</subfield>
   <subfield code="9">31450</subfield>
   <subfield code="a">000001</subfield>
   <subfield code="b">000001</subfield>
   <subfield code="d">2025-10-07</subfield>
   <subfield code="o">320.952 T136</subfield>
   <subfield code="p">TK.05738</subfield>
   <subfield code="r">2025-10-07</subfield>
   <subfield code="w">2025-10-07</subfield>
   <subfield code="y">BK</subfield>
  </datafield>
  <datafield tag="980" ind1=" " ind2=" ">
   <subfield code="a">Thư viện Trường Đại học Nam Cần Thơ</subfield>
  </datafield>
 </record>
</collection>
